The Historical Imagination in Nineteenth-Century Europe / (Record no. 19245)

MARC details
000 -LEADER
fixed length control field 00584nam a22001817a 4500
003 - CONTROL NUMBER IDENTIFIER
control field BDDh-ASL
005 - DATE AND TIME OF LATEST TRANSACTION
control field 20231015025750.0
008 - FIXED-LENGTH DATA ELEMENTS--GENERAL INFORMATION
fixed length control field 201121s1975 b ||||| |||| 00| 0 eng d
040 ## - CATALOGING SOURCE
Original cataloging agency BDDh-ASL
Transcribing agency BDDh-ASL
082 ## - DEWEY DECIMAL CLASSIFICATION NUMBER
Classification number 940
Item number WHH
100 1# - MAIN ENTRY--PERSONAL NAME
9 (RLIN) 2169
Personal name White, Hayden
245 10 - TITLE STATEMENT
Title The Historical Imagination in Nineteenth-Century Europe /
Statement of responsibility, etc. by Hayden White.
260 ## - PUBLICATION, DISTRIBUTION, ETC.
Place of publication, distribution, etc. London :
Name of publisher, distributor, etc. The Johns Hopkins University Press,
Date of publication, distribution, etc. 1975.
300 ## - PHYSICAL DESCRIPTION
Extent xii, 448 p. :
Dimensions 23 cm.
504 ## - BIBLIOGRAPHY, ETC. NOTE
Bibliography, etc. note Includes bibliographical references and index.
651 #0 - SUBJECT ADDED ENTRY--GEOGRAPHIC NAME
9 (RLIN) 2170
Geographic name Europe
General subdivision History
942 ## - ADDED ENTRY ELEMENTS (KOHA)
Source of classification or shelving scheme Dewey Decimal Classification
Koha item type Books
Holdings
Withdrawn status Lost status Source of classification or shelving scheme Damaged status Not for loan Collection code Home library Current library Shelving location Date acquired Source of acquisition Total Checkouts Full call number Barcode Date last seen Copy number Price effective from Koha item type
    Dewey Decimal Classification     Non-fiction Asiatic Society Library Asiatic Society Library Sirajul Islam Collection 11/21/2020 Donated by Professor Sirajul Islam, FRHS   940 WHH 102550 11/21/2020 C-1 11/21/2020 Books

Powered by Koha